000 00572 a2200193 4500
005 20250507091812.0
020 _a9789351112037
050 _aSB117
_bKUM 2014
100 _aKumar, Mahesh
_eauthor
245 _aSeed health testing: principles and protocols /
_cMahesh Kumar
264 _aNew Delhi, India :
_bRandom Publications,
_c2014
300 _a286 pages :
336 _2rdacontent
_atext
_btxt
337 _2rdamedia
_aunmediated
_bn
338 _2rdacarrier
_avolume
_bnc
500 _aIncludes index
650 _aSeed pathology.
942 _2lcc
_cBK
_h117
_iKUM
_kSB
999 _c5704
_d5704